Word Ladder: World Capitals Quiz Stats

 Plays Quiz Updated Aug 24, 2016

Challenge
Share
Tweet
Embed
Score 0/18 Timer 02:00
2 Plays Today
% Correct
LIME
97.2%
•ROME•
97%
•LIMA•
96%
•PARIS•
89.4%
•LOME•
88.8%
SUITE
79.7%
RODE
78.6%
SUITS
77.8%
PARTS
77.4%
% Correct
HURTS
75.2%
HARTS
68.6%
HUITS
65.7%
RODS
64.1%
RIGS
59.4%
QUITE
59.1%
•RIGA•
58.8%
RIDS
58.1%
•QUITO•
55.5%

Today's Daily Dose

You're not logged in!

Compare scores with friends on all Sporcle quizzes.
Join for Free
OR
Log In

You Might Also Like...

Show Comments

Extras

Top Quizzes Today


Score Distribution

Your Account Isn't Verified!

In order to create a playlist on Sporcle, you need to verify the email address you used during registration. Go to your Sporcle Settings to finish the process.

Report this User

Report this user for behavior that violates our Community Guidelines.

Details: